000 00292nam a22001337a 4500
003 SGT
082 _a617.41
_bA14Y
100 _aYADAV, DEEPAK
245 _aASTANGA HARDYA SUTRA-SAHANA
260 _aVARANASI
_bCHAUKHAMBHA PUB
_c2014
300 _a916
650 _aAYURVEDA
942 _2ddc
_cBK
_05
999 _c8746
_d8746